2000s Movie Characters - Statistics

General Stats
  • This quiz has been taken 72 times
  • The average score is 17 of 31
Answer Stats
Hint Answer % Correct
Peter Parker Spider-Man
93%
Frodo Baggins The Lord of the Rings
93%
Hermione Granger Harry Potter
91%
Jack Sparrow Pirates of the Caribbean
89%
Tony Stark Iron Man
87%
James Bond Casino Royale
83%
Jason Bourne The Bourne Identity
76%
Lara Croft Tomb Raider
76%
Amélie Poulain Amélie
67%
Elle Woods Legally Blonde
65%
Leonidas 300
61%
Maximus Decimus Meridius Gladiator
61%
James “Logan” Howlett X-Men
59%
Ron Burgundy Anchorman
56%
James Gordon The Dark Knight
56%
Neytiri Avatar
54%
Beatrix “The Bride” Kiddo Kill Bill
54%
Miranda Priestly The Devil Wears Prada
54%
Johnny Cash Walk the Line
52%
Jamal Malik Slumdog Millionaire
44%
John Nash A Beautiful Mind
35%
Lisbeth Salander The Girl with the Dragon Tattoo
33%
Idi Amin The Last King of Scotland
33%
William “Bill the Butcher” Cutting Gangs of New York
31%
Władysław Szpilman The Pianist
31%
Maggie Fitzgerald Million Dollar Baby
30%
Penny Lane Almost Famous
28%
Daniel Plainview There Will Be Blood
26%
Leonard Shelby Memento
20%
Kirk Lazarus Tropic Thunder
19%
Bob Dylan I'm Not There
15%
No matching quizzes found
Score Distribution
Percent of People with Each Score
Percentile by Number Answered
Your Score History
You have not taken this quiz